00506nam a2200193 a 4500001001300000003000900013005001700022008004100039020002300080082002100103100002200124245003800146260002800184300000900212500003500221505001000256650002400266700002200290nice12345678IN_TiNIC20260116014212.0111116s2007 dela grp 000 0 eng  a9788178296753c65000a305.420954bGHA1 aGhadially, Rehana aUrban Women in Contemporary India aDelhi bSage Pub c2007 a372p aincludes index and biblioraphy2 aIndex aWomens Rights-India1 aGhadially, Rehana